Normal view
MARC view
- الاحاديث- اسناد
Entry Topical Term
001 - CONTROL NUMBER
- control field: 39410
003 - CONTROL NUMBER IDENTIFIER
- control field: JO-AjAnu
005 - DATE AND TIME OF LATEST TRANSACTION
- control field: 20230606080544.0
008 - FIXED-LENGTH DATA ELEMENTS
- fixed length control field: 230606|| aca||aabn | a|a d
040 ## - CATALOGING SOURCE
- Original cataloging agency: JO-AjAnu
- Transcribing agency: JO-AjAnu
150 ## - HEADING--TOPICAL TERM
- Topical term or geographic name entry element: الاحاديث- اسناد
670 ## - SOURCE DATA FOUND
- Source citation: Work cat.: (JO-AjAnu)20209: صبري ، عامر حسن , author 39409, قطف الثمر في رفع اسانيد المصنفات في الفنون والاثر